| 000 | 00640nam a2200181 i 4500 | ||
|---|---|---|---|
| 001 | 42050 | ||
| 003 | ES-MaACL | ||
| 005 | 20230906160535.0 | ||
| 007 | t| | ||
| 008 | 030312s1977 sp ||||1| spa d | ||
| 100 | 1 |
_aCastán Vázquez, José María. _936393 |
|
| 245 | 1 | 4 |
_aLas leyes y su reforma según Erasmo y Vives / _cJosé María Castán Vázquez. |
| 260 |
_aValencia : _bUniversidad de Valencia, Facultad de Derecho, _c1977. |
||
| 300 |
_a7 p. ; _c24 cm. |
||
| 500 | _aEs tirada aparte de Filosofía y Derecho, p. 81-93. | ||
| 710 | 2 |
_aUniversidad de Valencia. _bFacultad de Derecho. _97325 |
|
| 852 |
_aES-MaACL _j2107-F-6 _bR.96266 |
||
| 999 |
_c42050 _d42050 |
||